01269 2200301 4500001002100000005001500021035002000036007000300056008004100059020002200100082000800122084001700130100001200147245017400159250003000333300004600363650001900409700003900428700003800467700003600505700002400541520027400565264003800839336002100877337003000898338002300928990001600951INLIS00000000116565220250729015328 a0010-0725000090ta250729 g 0 ind  a978-623-8554-13-3 a391 aSR 391 AIN e0 aAini N.1 aEnsiklopedia kebaya :bmengenal kebaya dan perkembangannya /cAini N; penyunting, Tri Cahyo Kusumandyoko, Erica Rachel Budianto, Risa Alfina Aulinia; ilustrator, Aini N. aCetakan Pertama, Mei 2025 a72 halaman :bilustrasi berwarna ;c24 cm 4aPakaian daerah0 aTri Cahyo Kusumandyokoepenyunting0 aErica Rachel Budiantoepenyunting0 aRisa Alfina Auliniaepenyunting0 aAini N.eilustrator aBuku ini menyajikan informasi tentang kebaya melalui ilustrasi penuh warna, menjadikannya media edukasi yang menarik bagi anak-anak usia 8-12 tahun. Penelitian menunjukkan bahwa buku ini efektif dalam meningkatkan pemahaman anak-anak tentang kebaya melalui visualisasi. aSleman :bLingkarantarnusa,c2025 2rdacontentateks 2rdamediaatanpa perantara 2rdacarrieravolume a55965.68785